000 01504cam a2200277 a 4500
999 _c329705
_d329705
001 12899011
003 NUST
005 20170518121311.0
008 020817s2003 nyu 001 0 eng
010 _a 2002033998
020 _a0375415173 (alk. paper)
040 _aDLC
_cDLC
_dDLC
050 0 0 _aPR9272.9.N32
_bL5 2003
082 0 0 _a809 NAI
_221
100 1 _aNaipaul, V. S.
_q(Vidiadhar Surajprasad),
_d1932-
_91056
245 1 0 _aLiterary occasions :
_bessays /
_cV.S. Naipaul ; introduced and edited by Pankaj Mishra.
250 _a1st ed.
260 _aNew York :
_bAlfred A. Knopf,
_c2003.
300 _axvi, 202 p. ;
_c25 cm.
500 _aIncludes index.
505 0 _aReading and writing, a personal account -- East Indian -- Jasmine -- Prologue to an autobiography -- Foreword to The adventures of Gurudeva -- Forword to A house for Mr. Biswas -- Indian autobiographies -- The last of the Aryans -- Theatrical natives -- Conrad's darkness and mine -- Two worlds.
700 1 _aMishra, Pankaj.
_91075
856 4 2 _3Contributor biographical information
_uhttp://www.loc.gov/catdir/bios/random054/2002033998.html
856 4 2 _3Publisher description
_uhttp://www.loc.gov/catdir/description/random0413/2002033998.html
906 _a7
_bcbc
_corignew
_d1
_eocip
_f20
_gy-gencatlg
942 _2ddc
_cBK